| 000 | 00737nam a2200181 i 4500 | ||
|---|---|---|---|
| 001 | 49388 | ||
| 003 | ES-MaACL | ||
| 007 | t| | ||
| 008 | 030715s1883 sp ||||1| spa d | ||
| 100 | 1 |
_aCortón, Antonio. _940957 |
|
| 245 | 1 | 3 |
_aLa literata _b: aguafuerte / _cpor Antonio Cortón. |
| 260 |
_aMadrid : _bLibrería de D. Guio ; _aParis : _bLibrería de Ch. Bouret ; _aLisboa : _bLibrería francesa, _c1883 ( _fTip. de Manuel Ginés Hernández) |
||
| 300 |
_aVIII, 56 p. ; _c15 cm. |
||
| 490 | 1 | _aBiblioteca diamante. Colección de novelas cortas de asuntos contemporáneos | |
| 830 | 0 |
_aBiblioteca diamante. Colección de novelas cortas de asuntos contemporáneos _9230094 |
|
| 852 |
_aES-MaACL _jT-407-F-10 |
||
| 999 |
_c49388 _d49388 |
||